| 000 | 01378cad a22002295a 4500 | ||
|---|---|---|---|
| 001 | L145163 | ||
| 008 | 080225s2007 xxkad f s 000 0 eng d | ||
| 035 | _a(Sirsi) u145163 | ||
| 041 | 0 | _aeng | |
| 050 | 0 | 4 | _a333.32 $2 18 |
| 110 | 2 |
_aKing Sturge _93877 |
|
| 245 | 0 | 0 |
_aGlobal industrial and office rents survey _bquarter two 2008 _h[electronic resource] |
| 260 |
_aLondon _bKing Sturge _c2008 |
||
| 490 | 0 |
_aGlobal Industrial and Office Rents Survey _vQuarter Two2008 |
|
| 520 | _aReports that several office and industrial property markets saw a slow down in leasing transactions in the first half of 2008, as a result of the credit crunch, a weakening international economy and lack of positive occupier sentiment. Finds that growth in global industrial occupation costs was very small, rising only by 1%. The Asia Pacific region did better with growth at 4.7%, followed by Europe where growth was 1.5%. However, North America fell by 2.1%. Concludes that global occupation costs increased by 3.2% on average per city, with Asia Pacific and Europe showing stronger growth rates. | ||
| 590 | _aKA NTK | ||
| 650 | 2 | 4 | _aGLOBAL INDUSTRIAL AND OFFICE RENTS SURVEY |
| 651 | 4 | _aInternational | |
| 690 | _aPROPERTY-COMMERCIAL PROPERTY-COMMERCIAL PROPERTY MARKET | ||
| 856 | 4 | 0 |
_uhttps://www.kingsturge.com/ _zView the document free of charge at www.kingsturge.com |
| 942 | _n0 | ||
| 999 |
_c108703 _d108703 |
||